Statistics for A to Z - Words That End in 'R'

Click here to take the quiz!

General Stats

  • This quiz has been taken 95 times
  • The average score is 20 of 26

Answer Stats

Clue Word % Correct
Y365 daysYear
97%
NNot ever [going to happen]Never
96%
FThirty-one + twenty-threeFifty-Four
96%
DTo vanish from sightDisappear
95%
JLuxury car; animalJaguar
95%
IOpposite of outerInner
93%
Be.g. Winnie the PoohBear
92%
AKnight's clothingArmour
91%
HPopular movie genreHorror
90%
RBacksideRear
89%
VChip flavor: Salt & ______Vinegar
89%
MDirector of a business, etc.Manager
89%
WTo roam with no purposeWander
86%
QTwo dimes and a nickelQuarter
85%
ZButton alternativeZipper
85%
PSpiderman (Peter ______)Parker
84%
LPerson in last placeLoser
79%
SWhat a snake doesSlither
76%
TConsisting of three colorsTricolor
74%
C29th element, after nickelCopper
67%
EMore do-ableEasier
67%
OOne who intently watchesObserver
59%
UDisclose; remove hidingUncover
56%
KAlso known as CashmereKashmir
47%
GLOTR fictional realmGondor
32%
XMedical tool used for bonesXyster
3%

Score Distribution

Percentile by Number Answered

Percent of People with Each Score

Your Score History

You have not taken this quiz